ARRUPE JESUIT UNIVERSITY

CORONAVIRUS -STOP THE SPREAD - CLEAN,DISINFECT,COVER

Mystery dance : (Record no. 117842)

MARC details
000 -LEADER
fixed length control field 00980pam a2200277 a 4500
001 - CONTROL NUMBER
control field 3905446
003 - CONTROL NUMBER IDENTIFIER
control field ARRUPE
005 - DATE AND TIME OF LATEST TRANSACTION
control field 20130917165617.0
008 - FIXED-LENGTH DATA ELEMENTS--GENERAL INFORMATION
fixed length control field 910415s1991 nyua b 001 0 eng
010 ## - LIBRARY OF CONGRESS CONTROL NUMBER
LC control number 91018450
020 ## - INTERNATIONAL STANDARD BOOK NUMBER
International Standard Book Number 0671633414 :
Terms of availability $19.95
040 ## - CATALOGING SOURCE
Original cataloging agency DLC
Transcribing agency DLC
Modifying agency DLC
050 00 - LIBRARY OF CONGRESS CALL NUMBER
Classification number HQ12
Item number .M35 1991
082 00 - DEWEY DECIMAL CLASSIFICATION NUMBER
Classification number 306.7/09
Edition number 20
300 ## - PHYSICAL DESCRIPTION
Other physical details ill. ;
Dimensions 23 cm.
100 1# - MAIN ENTRY--PERSONAL NAME
Personal name Margulis, Lynn,
Dates associated with a name 1938-2011.
9 (RLIN) 403
245 10 - TITLE STATEMENT
Title Mystery dance :
Remainder of title on the evolution of human sexuality /
Statement of responsibility, etc Lynn Margulis and Dorion Sagan.
260 ## - PUBLICATION, DISTRIBUTION, ETC. (IMPRINT)
Place of publication, distribution, etc New York :
Name of publisher, distributor, etc Summit Books,
Date of publication, distribution, etc c1991.
300 ## - PHYSICAL DESCRIPTION
Extent 224 p. :
504 ## - BIBLIOGRAPHY, ETC. NOTE
Bibliography, etc Includes bibliographical references (p. 207-215) and index.
650 #0 - SUBJECT ADDED ENTRY--TOPICAL TERM
Topical term or geographic name as entry element Sex
General subdivision History.
9 (RLIN) 404
650 #0 - SUBJECT ADDED ENTRY--TOPICAL TERM
Topical term or geographic name as entry element Sex (Biology)
General subdivision History.
9 (RLIN) 405
700 1# - ADDED ENTRY--PERSONAL NAME
Personal name Sagan, Dorion,
Dates associated with a name 1959-
9 (RLIN) 406
906 ## - LOCAL DATA ELEMENT F, LDF (RLIN)
a 7
b cbc
c orignew
d 1
e ocip
f 19
g y-gencatlg
942 ## - ADDED ENTRY ELEMENTS (KOHA)
Source of classification or shelving scheme Library of Congress Classification
Koha item type Monograph ( Printed materials)
Holdings
Withdrawn status Lost status Source of classification or shelving scheme Damaged status Not for loan Home library Current library Date acquired Total Checkouts Full call number Barcode Date last seen Date checked out Price effective from Koha item type
    Library of Congress Classification     ARRUPE LIBRARY ARRUPE LIBRARY 17/09/2013 1 HQ12 .M35 1991 46411264 09/05/2018 11/11/2015 17/09/2013 Monograph ( Printed materials)

 

Arrupe Library. PO Box MP320 Mt Pleasant, Harare, Zimbabwe
263 242 745411|librarian@aju.ac.zw